Fluid mechanics through worked out problems (Record no. 2538)

000 -LEADER
fixed length control field 00578nam a22002177a 4500
001 - CONTROL NUMBER
control field 2538
003 - CONTROL NUMBER IDENTIFIER
control field BD-DhUET
008 - FIXED-LENGTH DATA ELEMENTS--GENERAL INFORMATION
fixed length control field 140924b xxu||||| |||| 00| 0 eng d
020 ## - INTERNATIONAL STANDARD BOOK NUMBER
International Standard Book Number 9843109230
040 ## - CATALOGING SOURCE
Transcribing agency 0
Modifying agency BD-DhUET
082 ## - DEWEY DECIMAL CLASSIFICATION NUMBER
Classification number 532
Item number QUA/2006
100 ## - MAIN ENTRY--PERSONAL NAME
Personal name Quamrul Islam , Md.
245 ## - TITLE STATEMENT
Title Fluid mechanics through worked out problems
250 ## - EDITION STATEMENT
Edition statement 1st ed.
260 ## - PUBLICATION, DISTRIBUTION, ETC. (IMPRINT)
Place of publication, distribution, etc. Gazipur
Name of publisher, distributor, etc. Islamic University of Technology
Date of publication, distribution, etc. 2006
300 ## - PHYSICAL DESCRIPTION
Extent xii,777 p.
504 ## - BIBLIOGRAPHY, ETC. NOTE
Bibliography, etc Includes bibliographies
650 #0 - SUBJECT ADDED ENTRY--TOPICAL TERM
Topical term or geographic name as entry element Fluid mechanics
700 ## - ADDED ENTRY--PERSONAL NAME
Personal name Mondal , Amalesh Chandra
942 ## - ADDED ENTRY ELEMENTS (KOHA)
Koha item type General Book
Holdings
Location (home branch) Date acquired Koha date last borrowed Withdrawn status Koha issues (times borrowed) Koha full call number Copy number Lost status Sublocation or collection (holding branch) Koha item type Damaged status Koha out on loan Koha normalized classification for sorting Price effective from Koha date last seen Piece designation (barcode) Koha renewals Not for loan Shelving location Source of classification or shelving scheme
Central Library, BUET2014-09-242024-08-31 9532/QUA/20061 Central Library, BUETGeneral Book 2024-09-14532QUA20062014-09-242024-08-31102749  Circulation section 
Central Library, BUET2014-09-242025-08-10 16532/QUA/20062 Central Library, BUETGeneral Book  532_000000000000000_QUA_20062014-09-242025-11-09102750  Circulation section 
Central Library, BUET2014-09-242026-03-30 15532/QUA/20063 Central Library, BUETGeneral Book  532_000000000000000_QUA_20062014-09-242026-04-121027511 Circulation section 
Central Library, BUET2015-08-172025-06-30 24532/QUA/20064 Central Library, BUETGeneral Book 2025-07-14532_000000000000000_QUA_20062015-08-172025-06-30102748  Circulation section 
Central Library, BUET2006-11-062023-12-02 10532/QUA/20065 Central Library, BUETGeneral Book 2023-12-16532_000000000000000_QUA_20062018-04-212023-12-02102752  Circulation section